Sports Quiz

Random Sports or Country Quiz

Can you guess the country from the club? Quiz Stats

 Plays Quiz not verified by Sporcle

Score 0/10 Timer 04:00
0 Plays Today
Clubs name Country % Correct
FH HafnarfjordurIceland
85.1%
FC VaduzLiechtenstein
78.4%
Hoang Anh Gia LaiVietnam
77%
FK TepliceCzech republic
47.3%
FC Dinamo BenderMoldova
33.8%
Doxa KatokopiaCyprus
29.7%
FC GomelBelarus
29.7%
Persiwa WamenaIndonesia
20.3%
4.25 Sports TeamNorth Korea
17.6%
Tudu Mighty JetsGhana
16.2%

You're not logged in!

Compare scores with friends on all Sporcle quizzes.
OR
Log In

Show Comments

Extras

Top Quizzes Today


Score Distribution

Your Account Isn't Verified!

In order to create a playlist on Sporcle, you need to verify the email address you used during registration. Go to your Sporcle Settings to finish the process.

Report this User

Report this user for behavior that violates our Community Guidelines.

Details: